书目信息 |
| 题名: |
施工组织与管理
|
|
| 作者: | 薛建荣 , 钟汉华 主编 | |
| 分册: | ||
| 出版信息: | 北京 中国水利水电出版社 2010.01 |
|
| 页数: | 331页 | |
| 开本: | 26cm | |
| 丛书名: | ||
| 单 册: | ||
| 中图分类: | TU721 | |
| 科图分类: | ||
| 主题词: | 建筑工程--施工组织--高等教育--教材 , 建筑工程--施工管理--高等教育--教材 | |
| 电子资源: | ||
| ISBN: | 978-7-5084-6909-6 | |
| 000 | 00925nam0 2200265 450 | |
| 001 | 1263559931 | |
| 005 | 20120212173954.12 | |
| 010 | @a978-7-5084-6909-6@dCNY36.00 | |
| 100 | @a20100301d2010 y0chiy0110 e | |
| 101 | 0 | @achi |
| 102 | @aCN@b110000 | |
| 105 | @ay z 000yy | |
| 200 | 1 | @a施工组织与管理@9shi gong zu zhi yu guan li@f钟汉华,薛建荣主编 |
| 205 | @a2版 | |
| 210 | @a北京@c中国水利水电出版社@d2010.01 | |
| 215 | @a331页@d26cm | |
| 300 | @a普通高等教育“十一五”国家级规划教材 | |
| 330 | @a本书包括水利电力工程建设概述、网络计划技术、施工组织设计、施工项目管理概述、施工合同管理、施工成本管理、职业健康安全与环境管理等11章内容。 | |
| 606 | 0 | @a建筑工程@x施工组织@x高等教育@j教材 |
| 606 | 0 | @a建筑工程@x施工管理@x高等教育@j教材 |
| 690 | @aTU721@v4 | |
| 701 | 0 | @a薛建荣@9xue jian rong@4主编 |
| 701 | 0 | @a钟汉华@9zhong han hua@f(1965-)@4主编 |
| 801 | 0 | @aCN@bSG08@c20100309 |
| 905 | @aZUCC@dTU721@eX952=2 | |
| 施工组织与管理/钟汉华,薛建荣主编.-2版.-北京:中国水利水电出版社,2010.01 |
| 331页;26cm |
| 普通高等教育“十一五”国家级规划教材 |
| ISBN 978-7-5084-6909-6:CNY36.00 |
| 本书包括水利电力工程建设概述、网络计划技术、施工组织设计、施工项目管理概述、施工合同管理、施工成本管理、职业健康安全与环境管理等11章内容。 |
| ● |
| 相关链接 |
|
|
|
正题名:施工组织与管理
索取号:TU721/X952=2
 
预约/预借
| 序号 | 登录号 | 条形码 | 馆藏地/架位号 | 状态 | 备注 |
| 1 | 482861 | 204828614 | 建筑库201/201建筑库 28排3列3层/ [索取号:TU721/X952=2] | 在馆 | |
| 2 | 482862 | 204828623 | 土木与交通工程学院资料室/土木与交通学院资料室 1排1列1层/ [索取号:TU721/X952=2] | 在馆 | |
| 3 | 482863 | 204828632 | 土木与交通工程学院资料室/土木与交通学院资料室 1排1列1层/ [索取号:TU721/X952=2] | 在馆 |